000 00683nam a22001817a 4500
005 20251108171135.0
008 250721s1991 xx 000 0 ara d
082 1 4 _a296/محم
100 1 _aأبو حمدة، محمد علي
245 1 0 _aالعهد القديم لليهود و موقعه من إعتقاد المسيح عليه السلام و القرآن الكريم :
_bتصحيح أخطاء في ..... /
264 1 _aعمان :
_bدار البشير،
_c1991.
300 _a26ص . 30p
500 _aالكتاب باللغتين العربية و الإنجليزية
650 1 7 _aالتوراة
650 1 7 _aاليهودية
942 _2ddc
_cBK
999 _c57618
_d57618